| 000 | 01005cab a2200289 4500 | ||
|---|---|---|---|
| 001 | WB2830-55 | ||
| 008 | 090401t1992 xxu||||| |||| 00| 0 eng d | ||
| 035 | _a(Sirsi) u68979 | ||
| 041 | _aeng | ||
| 245 | _aAppeals against council tax valuations | ||
| 260 | _c1992 | ||
| 350 | _a0 | ||
| 490 |
_aIndependent _v31 July 1992 , 1 |
||
| 490 |
_aLocal Government Chronicle _v31 July 1992, 3(2) |
||
| 520 | _aThe Government has been warned to expect 1.5m appeals against council tax valuations. CIPFA in a report, "Illustrative council tax levels 1992-93", has predicted higher bills than originally thought, which would require discounts to ease regional variations. | ||
| 650 | _aAPPEALS | ||
| 650 | _aAVERAGE BILL | ||
| 650 | _aCIPFA | ||
| 650 | _aCOUNCIL TAX BANDS | ||
| 650 | _aCOUNCIL TAX | ||
| 650 | _aREVENUE SUPPORT GRANT | ||
| 650 | _aVALUATION AND COMMUNITY CHARGE TRIBUNALS | ||
| 650 |
_aValuation _96273 |
||
| 690 | _aRATING AND VALUATION | ||
| 942 | _n0 | ||
| 948 | _c04/03/1997 | ||
| 999 |
_c43318 _d43318 |
||